LEADER 00789nam a2200169 i 4500 001 000000243102 003 CaOOAMICUS 005 20150623000000.0 008 150623s1844 it u000 u ita u 013 $a222007 040 $aSeMil$bita 245 10$aTensione e pressione ; Ghiaccio e coagulazione ; Suono, tremori e udito. 300 $a143, 208, 288 p., [2] c. di tav. :$bill. 773 0 $aBartoli, Daniello $tDelle opere del padre Daniello Bartoli della Compagnia di Gesł.$dTorino : Dalla Tipografia di Giacinto Marietti, 1825-1847.$g33$w()32089 850 $aSeMil 852 $aSeMil$W1$xVenegono$y1$m3F II 432 FA$j193448$B193448$CSeMilBibl$Z2$F204232 $8I 996 $6245$aTensione e pressione ; Ghiaccio e coagulazione ; Suono, tremori e udito$9(OLS)http://semarc/title/344886 LEADER 00392nab a2200133 i 4500 001 000000279966 003 CaOOAMICUS 005 20180831165135.0 008 180831n xx uu u0 0und r 013 $a31752 040 $aSeMil$bita 245 10$a[vedi periodico]. 773 0 $t2013 : [2].$dPisa ; Roma : Fabrizio Serra, copyr. 2013.$w()223442 996 $6245$a[vedi periodico]$9(OLS)http://semarc/title/309439